00926nam a22002297a 4500999001500000003000900015008004100024040007100065082001800136100001900154245004700173260003500220300002800255440004200283505021800325650001800543650001800561650004500579700004700624942001600671945000900687 c4664d4664AR-CdUCM190311b ||||| |||| 00| 0 spa d aMUNICIPALIDAD PROVINCIAL DEL CUSCOcBIBLIOTECA MUNICIPAL DEL CUSCO a944.03 /bL77 aLivet, Georges aLas guerras de religión :b(1559-1598) / aBarcelona :bOikos-Tau,c1971. a126 páginas ;c18 cm. aColección ¿qué sé?.n34914508 aContenido: Conflictos múltiples y paces precarias -- Las iglesias y sus problemas -- Los partidos y sus doctrinas -- La crisis económica y social -- Las relaciones internacionales: los dos sistemas de alianza. aFrancia91444 aHistoria9136 aGuerra de las Hugonote Religión914509 aHernández, Ramón (traducción)914510 2ddccLIBROS aachl